| Tag |
First Indicator |
Second Indicator |
Subfields |
| LEADER |
00000cam a2200000 a 4500 |
| 001 |
in00001328443 |
| 005 |
20151005082010.0 |
| 008 |
810818s1980 cs af b 001 0acze |
| 010 |
|
|
|a 81479527
|
| 015 |
|
|
|a Cz80
|
| 020 |
|
|
|c Kčs40.00
|
| 035 |
|
|
|a (OCoLC)07181191
|
| 035 |
|
|
|9 AHD4595AM
|
| 040 |
|
|
|a DLC
|c DLC
|d UtOrBLW
|
| 049 |
|
|
|a TXAM
|
| 050 |
0 |
0 |
|a ND534.5.C36
|b A3 1980
|
| 100 |
1 |
|
|a Čapek, Josef,
|d 1887-1945.
|
| 245 |
1 |
0 |
|a Dvojí osud :
|b dopisy Josefa Čapka, které v letech 1910-1918 posílal sve budoucí ženě Jarmile Pospíšilové /
|c [připravili Jaroslav Dostál, Jiří Opelík, Jaroslav Slavík.
|
| 264 |
|
1 |
|a Praha :
|b Odeon,
|c 1980.
|
| 300 |
|
|
|a 332 pages, 64 unnumbered pages of plates :
|b illustrations (some color) ;
|c 21 cm.
|
| 336 |
|
|
|a text
|b txt
|2 rdacontent
|
| 337 |
|
|
|a unmediated
|b n
|2 rdamedia
|
| 338 |
|
|
|a volume
|b nc
|2 rdacarrier
|
| 490 |
1 |
|
|a Paměti, korespondence, dokumenty ;
|v sv. 63
|
| 504 |
|
|
|a Includes bibliographical references and indexes.
|
| 541 |
0 |
|
|a Donated by Peter Walter, October 1996.
|
| 600 |
1 |
0 |
|a Čapek, Josef,
|d 1887-1945.
|
| 650 |
|
0 |
|a Painters
|z Czechoslovakia
|x Correspondence.
|
| 700 |
1 |
|
|a Pospíšilová, Jarmila.
|
| 830 |
|
0 |
|a Paměti, korespondence, dokumenty ;
|v sv. 63.
|
| 999 |
|
|
|a MARS
|
| 999 |
f |
f |
|s 9379829b-a86c-38fb-ae8c-bc0200924183
|i 3d545e28-4d9d-3da8-b111-a27754cabf88
|t 0
|
| 952 |
f |
f |
|p ric
|a Texas A&M University
|b Rellis Campus
|c Joint Library Facility
|d Remote Storage
|t 0
|e ND534.5.C36 A3 1980
|h Library of Congress classification
|i unmediated -- volume
|m A14820556303
|
| 998 |
f |
f |
|a ND534.5.C36 A3 1980
|t 0
|l Remote Storage
|